El alma (Record no. 163849)

MARC details
000 -LEADER
campo de control de longitud fija 00624nam a2200169 i 4500
001 - NÚMERO DE CONTROL
campo de control 163849
003 - IDENTIFICADOR DE NÚMERO DE CONTROL
campo de control ES-MaACL
005 - FECHA Y HORA DE LA ÚLTIMA TRANSACCIÓN
campo de control 20230906212825.0
008 - DATOS DE LONGITUD FIJA--INFORMACIÓN GENERAL
campo de control de longitud fija 020416s1890 sp |||| | spa d
040 ## - FUENTE DE CATALOGACIÓN
Centro catalogador/agencia de origen NA
Lengua de catalogación spa
Centro/agencia transcriptor NA
100 1# - ENTRADA PRINCIPAL--NOMBRE DE PERSONA
Nombre de persona Rodríguez-Navas, Manuel.
9 (RLIN) 131977
245 13 - MENCIÓN DEL TÍTULO
Título El alma
Resto del título : según las escuelas filosóficas de la India /
Mención de responsabilidad, etc. por Manuel Rodríguez-Navas y Carrasco.
260 ## - PUBLICACIÓN, DISTRIBUCIÓN, ETC.
Lugar de publicación, distribución, etc. Madrid :
Nombre del editor, distribuidor, etc. [s.n.],
Fecha de publicación, distribución, etc. 1890 (
Fabricante Imprenta de Enrique Rubiños)
300 ## - DESCRIPCIÓN FÍSICA
Extensión 156 p. ;
Dimensiones 16 cm.
650 #4 - PUNTO DE ACCESO ADICIONAL DE MATERIA--TÉRMINO DE MATERIA
Término de materia o nombre geográfico como elemento de entrada Alma.
9 (RLIN) 9739
852 ## - LOCALIZACIÓN
Ubicación ES-MaACL
Número de control de estantería T-601-F-1
Nota libre -- Enc. hol., conservando la cub. original
-- -- Enc. en un vol. facticio
Holdings
Estatus retirado Estado de pérdida Estado de daño No para préstamo Colección Biblioteca de origen Biblioteca actual Ubicación en estantería Fecha de adquisición Total de préstamos Signatura topográfica completa Código de barras Visto por última vez Precio de reemplazo Tipo de ítem Koha
        Colección de folletos Biblioteca del Ateneo de Madrid Biblioteca del Ateneo de Madrid Depósito folletos 17/01/2008   T-601-F-1 1171717 23/02/2023 23/02/2023 Folleto